Public expenditure and growth: a decomposed expenditure analysis for states in India (Record no. 62534)

000 -LEADER
fixed length control field 01261pab a2200169 454500
008 - FIXED-LENGTH DATA ELEMENTS--GENERAL INFORMATION
fixed length control field 180718b2004 xxu||||| |||| 00| 0 eng d
100 ## - MAIN ENTRY--PERSONAL NAME
Personal name Jena, Pratap Ranjan
245 ## - TITLE STATEMENT
Title Public expenditure and growth: a decomposed expenditure analysis for states in India
260 ## - PUBLICATION, DISTRIBUTION, ETC.
Date of publication, distribution, etc. 2004
300 ## - PHYSICAL DESCRIPTION
Extent p.247-62.
362 ## - DATES OF PUBLICATION AND/OR SEQUENTIAL DESIGNATION
Dates of publication and/or sequential designation Aug
520 ## - SUMMARY, ETC.
Summary, etc. The paper attempts to study the relationship between government expenditure and growth parameter across states in India at a decomposed level, as the direction of relationship at aggregate level may not be very convincing. Time series property of state expenditure data has been examined to account for non-stationary character of macro-economic series and impact of expenditure variables on growth of real GSDP has been examined in a panel regression model. The results emphasise that state spending on infrastructure, productive sectors, and investment in physical and human resources has positive impact on growth parameter. It is further concluded that states should aim at reducing unproductive expenditure and rationalise the expenditure pattern to augment process of growth. - Reproduced.
650 ## - SUBJECT ADDED ENTRY--TOPICAL TERM
Topical term or geographic name entry element Public expenditure - India
650 ## - SUBJECT ADDED ENTRY--TOPICAL TERM
Topical term or geographic name entry element Public expenditure
773 ## - HOST ITEM ENTRY
Main entry heading Asian Economic Review
909 ## -
-- 62534
Holdings
Withdrawn status Lost status Damaged status Not for loan Permanent Location Current Location Date acquired Serial Enumeration / chronology Barcode Date last seen Price effective from Koha item type
        Indian Institute of Public Administration Indian Institute of Public Administration 2018-07-19 Volume no: 46, Issue no: 2 AR62984 2018-07-19 2018-07-19 Articles

Powered by Koha